000 00733cab a2200253 4500
001 ABS47789
008 090401t1993 xxu||||| |||| 00| 0 eng d
035 _a(Sirsi) u63414
041 _aeng
100 _aPenton, J.
245 _aAccess to housing
260 _c1993
350 _a0
490 _aArchitects` Journal
_v197(3) 20 January 1993, 43 (1)
520 _aA bibliography of key government papers, British standards and design guides for housing with access for disabled people.
650 _aACCESS
650 _aBRITISH STANDARDS
650 _aDISABLED
650 _aDOE CIRCULARS
650 _aHOUSING CORPORATION
690 _aBUILT ENVIRONMENT-CONSTRUCTION DESIGN
942 _n0
948 _c04/03/1997
999 _c39415
_d39415